000 02197cam a22005294i 4500
003 PE-LiUPU
005 20250731173045.0
008 150807s2015 enk r 000 0 eng d
020 _a178359280X
_q(paperback)
020 _a9781783592807
_q(paperback)
035 _a(Sirsi) i9781783592807
035 _a(OCoLC)919000160
_z(OCoLC)910408455
040 _aNLE
_beng
_cNLE
_dYDXCP
_dEQO
_dOCLCO
_dOCLCF
_dOCLCQ
_dEXC
_dPE-LiUPU
_erda
049 _aPRUA
050 4 _aBV2061.3
_b.C547 2015
082 0 4 _a266
_bC546
_223
100 1 _aChester, Tim,
_eautor.
245 1 0 _aMission matters :
_blove says go /
_cTim Chester.
264 1 _aEugene :
_bInter-Varsity Press,
_c2015.
300 _a165 páginas ;
_c22 centímetros
336 _atext
_2rdacontent
337 _aunmediated
_2rdamedia
338 _avolume
_2rdacarrier
505 0 _aThe God of mission -- In the love of the father -- In the name of the son -- In the power of the spirit -- The story of mission -- A promise for the nations -- The hope of the nations -- The scope of mission -- Everyone with the church at its heart -- Everything with proclamation at the centre -- Everywhere with the unreached as the priority -- The challenges of mission -- The cultural challenge -- The personal challenge -- A big ambition a big God.
526 _aSEG42
526 _aSEG41
526 _aSEG40
526 _aSEG39
526 _aP94
526 _aP87
526 _aP86
526 _aP85
526 _aP77
526 _aP76
526 _aP35
650 0 _aMisiones
_xEnseñanza Bíblica.
650 0 _aMisiones
_xTeoría.
650 0 _aMissions
_xBiblical teaching.
650 0 _aMissions
_xTheory.
910 _adbm
_bncf
_cncf
_d20171227
942 _2ddc
_cBOOK
949 _a266 C546
_wDEWEY
_c1
_i77791
_lCATALOGING
_mBUL
_p7.70
_r0
_sY
_tBOOK
_u2017-12-27
_xPOSGRADO
_PP85
_0COMPRA
_o.STAFF. Colección Teología.
994 _aC0
_bPEPRU
596 _a1
999 _a266 C546
_wDEWEY
_c26442
_i77791
_d26442
_f2021-11-10
_g4
_lCCODEBUL1
_mBUL
_p7.70
_q1
_r0
_sY
_tBOOK
_u2017-12-27
_xTEOLOGIA
_PP85
_0DONACION
_o.STAFF. Colección Teología.
980 _81
_gALBERTO SANCHEZ Responsable de Automatización